| 000 | 01552nam0a22003011 4500 | ||
|---|---|---|---|
| 001 | rc\3817360 | ||
| 005 | 20250530063521.0 | ||
| 021 |
_aRU _b[76-11520] |
||
| 035 | _a(NLR Aleph) 007274364 | ||
| 090 |
_a5443040 _c5443040 |
||
| 100 | _a20120410d1975 |||y0rusy50 ca | ||
| 101 | 0 | _arus | |
| 102 |
_aRU _aRU |
||
| 105 | _aa z ||||| | ||
| 200 | 1 |
_aНекоторые функциональные методы исследования в практике ВТЭ _e[Сборник статей] _fОтв. ред. заслуж. врач РСФСР, канд. мед. наук В.А. Воробьев] |
|
| 210 |
_aЛенинград _cЛИЭТИН _d1975 |
||
| 215 |
_a192 с. _cил. _d21 |
||
| 225 | 1 |
_aЛенинградский научно-исследовательский институт экспертизы трудоспособности и организации труда инвалидов. Сборник научных трудов ЛИЭТИНа _vВып. 38 |
|
| 320 | _aСписок лит.: с. 184-190 (108 назв.) | ||
| 606 |
_aВрачебно-трудовая экспертиза _jСборники _2psbo |
||
| 606 |
_aФункциональные методы исследования _jСборники _2psbo |
||
| 702 | 1 |
_4340 _aВоробьев _bВ. А. _cканд. мед. наук, здравоохранение _gВалентин Андреевич _9230854 _3RU\NLR\AUTH\770230910 |
|
| 801 | 0 |
_aRU _bNLR _gpsbo |
|
| 801 | 1 |
_aRU _bELAR _2rusmarc |
|
| 852 |
_aNLR _jП17/271 |
||
| 942 | _cBOOK | ||
| 980 | _aNB | ||